| 000 | 00891nam a2200217 i 4500 | ||
|---|---|---|---|
| 001 | 136588 | ||
| 003 | ES-MaACL | ||
| 005 | 20251001143817.0 | ||
| 007 | t| | ||
| 008 | 070214s1954 sp r ||||1| spa d | ||
| 100 | 1 |
_aRussell, Edward J. _cSir. _9101038 |
|
| 245 | 1 | 4 |
_aLas condiciones del suelo y el desarrollo de las plantas / _cpor Sir E. John Russell y E. Walter Russell ; traducción de la 8ª edición inglesa y nota preliminar por Gaspar González y González ; con prólogo del Excmo. Sr. D. José María Albareda. |
| 260 |
_aMadrid : _bAguilar, _c1954. |
||
| 300 |
_aXXIV, 770 p., 1 lám. : _bil. ; _c22 cm. |
||
| 650 | 0 | 4 |
_aEdafología. _9135952 |
| 700 | 1 |
_aRussell, E. Walter. _9101040 |
|
| 700 | 1 |
_aGonzález y González, Gaspar. _959033 |
|
| 700 | 1 |
_aAlbareda Herrera, José María, _d1902-1966 _9157514 |
|
| 852 |
_aES-MaACL _jC-8511 _bR.36453 |
||
| 999 |
_c136588 _d136588 |
||